Statistics for Q Marks the Spot

Click here to take the quiz!

General Stats

  • This quiz has been taken 29 times
  • The average score is 10 of 21

Answer Stats

Hint Answer % Correct
Bunch of flowersBouquet
88%
Richter scale eventsEarthquakes
88%
Lawn gameCroquet
84%
Badminton itemRacquet
72%
Excite interestPique
68%
Lavish feastBanquet
64%
Star Wars, Ep. 1, 2 or 3Prequel
56%
French noblemanMarquis
52%
Muslim face veilNiqab
52%
Exclusive factionsCliques
48%
Glossy coatingLacquer
44%
Not the sameUnequal
40%
Chef's white hatToque
36%
Ancient times, yoreAntiquity
36%
Defeat, vanquishConquer
32%
In a blunt mannerBrusquely
32%
Juvenile misconductDelinquency
32%
Case for holy artifactsReliquary
32%
Species of daffodilJonquil
28%
Repercussion, outcomeConsequence
24%
Puerto Rican islandVieques
16%

Score Distribution

Percentile by Number Answered

Percent of People with Each Score

Your Score History

You have not taken this quiz